40 historici die iedereen zou moeten kennen - Statistieken

Algemene statistieken
  • Deze quiz is 237 keer genomen
  • De gemiddelde score is 17 van 40
Antwoordstatistieken
Tip Persoon % Correct
Duits leider tijdens WOII Adolf Hitler
99%
Eerste president van de Verenigde Staten George Washington
79%
Ontdekte "De Nieuwe Wereld" Christopher Columbus
77%
Schilder van "Mona Lisa" Leonardo da Vinci
76%
Frans keizer die bijna heel Europa militair veroverde Napoleon
74%
Eerste man op de maan Neil Armstrong
71%
President tijdens de Amerikaanse Burgeroorlog Abraham Lincoln
70%
Startte de Protestantse Reformatie Martin Luther
68%
Gaf de "I have a dream" speech Martin Luther King
68%
Messias voor de Moslims Mohammed
68%
Dreef zijn olifanten over de Alpen Hannibal
59%
Eerste Minister van het VK tijdens WOII Winston Churchill
59%
Eerste leider van de Soviet-Unie Vladimir Lenin
57%
Messias voor de Christenen Jesus
56%
Romeins heerser gedood door Brutus Julius Caesar
55%
Griek die Perzië probeerde te veroveren Alexander de Grote
54%
Schrijver van "On the origine of Species" Charles Darwin
53%
Schrijver van "Hamlett" William Shakespeare
53%
Aangenomen wordt dat hij "De Ilias" schreef Homer
47%
Zijn "Grote Sprong Vooruit" doodde 30 miljoen mensen Mao Zedong
47%
President van de VS die de "New Deal" voorstelde Franklin Roosevelt
46%
Engelse koningin bijgenaamd "The Virgin Queen" Elizabeth I
44%
Vader van de Staat India Mohandas Gandhi
44%
Componist van "Maanlicht sonetten" Ludwig van Beethoven
42%
Zijn bewegingswetten beschrijven de beweging van planeten Isaac Newton
39%
Uitvinder van de gloeilamp Thomas Edison
37%
Eerste vrouwelijke premier van het Verenigde Koninkrijk Margaret Thatcher
34%
Zwarte die haar zitplaats niet wilde afstaan op de bus in Alabama Rosa Parks
33%
Schrijver van "Pride and Prejudice" Jane Austen
20%
Française die troepen leidde in de 100 Jarige Oorlog Janne d'Arc
20%
Bereikte als eerste Europeaan de Australische Oostkust James Cook
19%
Vond de mechanische drukpers uit Johannes Gutenberg
16%
De "Bevrijder van Zuid-Amerika" genaamd Simón Bolívar
15%
Schrijver van "Great Expectations" Charles Dickens
11%
Bedenker van "Huckleberry Finn" Mark Twain
7%
Eerste blinde én dove graduaatsstudente die afstudeerde Helen Keller
6%
Beschermheer van Engeland in 1653-1658 Oliver Cromwell
5%
Zeilster de die verdween tijdens een zeiltocht over de Grote Oceaan Amelia Earhart
4%
Admiraal tijdens de Slag van Trafelgar Nelson Horatio
4%
Schrijver van "Tao te Ching" Laozi
2%
Geen overeenkomende quizzen gevonden
Scoreverdeling
Procent van Mensen met Elke Score
Percentiel versus Aantal Correcte Antwoorden
Uw Scoregeschiedenis
U heeft deze quiz nog niet genomen